[Event "Barcelona Sant Marti op 10th"]
[Site "Barcelona"]
[Date "2023.02.23"]
[Round "7"]
[White "Perez Reina, Domingo"]
[Black "Escribano Rodriguez, Pedro"]
[Result "0-1"]
[WhiteElo "1617"]
[BlackElo "1750"]
[PlyCount "68"]
[EventDate "2023.01.12"]
[EventType "swiss"]
[EventRounds "9"]
[EventCountry "ESP"]
[SourceTitle "CBM 213 Extra"]
[Source "ChessBase"]
[SourceDate "2023.05.31"]
[SourceVersion "1"]
[SourceVersionDate "2023.05.31"]
[SourceQuality "1"]

1. e4 c6 2. Nc3 d5 3. d3 d4 4. Nb1 e5 5. g3 c5 6. Bg2 Nc6 7. Ne2 h5 8. h4 Nf6 9. Bg5 Be7 10. f3 Nh7 11. Bxe7 Qxe7 12. Nd2 Be6 13. b3 0-0-0 14. Bh3 Bxh3 15. Rxh3 g5 16. Nf1 Rdf8 17. Qd2 g4 18. fxg4 hxg4 19. Rh2 f5 20. 0-0-0 fxe4 21. dxe4 Nf6 22. Qe1 c4 23. Kb2 c3+ 24. Nxc3 dxc3+ 25. Qxc3 Nxe4 26. Qe3 Nc5 27. Rhd2 Rf3 28. Qg1 Ne4 29. Rd7 Qb4 30. a3 Qc3+ 31. Kb1 Nd4 32. R7xd4 exd4 33. Rxd4 Rxf1+ 34. Qxf1 Qxd4 0-1

[Event "Barcelona Sant Marti op 10th"]
[Site "Barcelona"]
[Date "2023.02.16"]
[Round "6"]
[White "Garcia Martinez, Josep"]
[Black "Perez Reina, Domingo"]
[Result "1-0"]
[WhiteElo "1956"]
[BlackElo "1617"]
[PlyCount "91"]
[EventDate "2023.01.12"]
[EventType "swiss"]
[EventRounds "9"]
[EventCountry "ESP"]
[SourceTitle "CBM 213 Extra"]
[Source "ChessBase"]
[SourceDate "2023.05.31"]
[SourceVersion "1"]
[SourceVersionDate "2023.05.31"]
[SourceQuality "1"]

1. e4 d6 2. d4 g6 3. Nc3 Bg7 4. Be3 Nd7 5. g4 e6 6. Nge2 Ne7 7. Ng3 Nb6 8. Qd2 f5 9. gxf5 exf5 10. f3 fxe4 11. fxe4 Be6 12. d5 Bd7 13. Bd4 0-0 14. Bxg7 Kxg7 15. 0-0-0 Ng8 16. Rg1 Nf6 17. Bb5 c6 18. dxc6 bxc6 19. Be2 Nc8 20. Nf5+ Bxf5 21. exf5 Nd7 22. fxg6 hxg6 23. Rxg6+ Kxg6 24. Rg1+ Kf7 25. Bh5+ Ke6 26. Bg4+ Kf7 27. Qh6 Nf6 28. Bf5 Ne7 29. Ne4 Nxf5 30. Qg6+ Ke6 31. Ng5+ Ke5 32. Re1+ Ne4 33. Rxe4+ Kd5 34. c4+ Kc5 35. Ne6+ Kb6 36. Nxd8 Raxd8 37. Rf4 Ne7 38. Qg1+ c5 39. Rxf8 Rxf8 40. Qg7 Rf1+ 41. Kd2 Nc6 42. h4 Rf2+ 43. Ke3 Rh2 44. Qg3 Rxb2 45. Qxd6 Rxa2 46. h5 1-0